Andre Kertesz : καθρέφτης μιας ζωής = Andre Kertesz : mirror of a life

Αποθηκεύτηκε σε:
Λεπτομέρειες βιβλιογραφικής εγγραφής
Άλλοι συγγραφείς: Ιωακειμίδης, Βαγγέλης (Επιμελητής έκδοσης, Συγγραφέας εισαγωγής κ.λπ.), Ριβέλλης, Πλάτων, 1945- (Συγγραφέας εισαγωγής κ.λπ.)
Μορφή: Βιβλίο
Γλώσσα:Greek
English
Δημοσίευση: Θεσσαλονίκη : Αθήνα : Μουσείο Φωτογραφίας Θεσσαλονίκης ; Άγρα, c2007.
Θέματα:
Ετικέτες: Προσθήκη ετικέτας
Δεν υπάρχουν, Καταχωρήστε ετικέτα πρώτοι!

MARC

LEADER 00000cam a2200000 i 4500
001 1/89084
008 080618s2007####gr | ||| |||| ||gre||
020 |a 9789608906471   |q (Μουσείο Φωτογραφίας Θεσσαλονίκης)  
020 |a 9789603256939   |q (Άγρα)  
035 |l 10098275 
040 |a GR-MyUa  |b gre  |e AACR2 
041 0 |a gre  |a eng 
082 7 |a 779.092   |2 (22)  
245 0 0 |a Andre Kertesz :   |b καθρέφτης μιας ζωής = Andre Kertesz : mirror of a life /   |c επιμελητής Βαγγέλης Ιωακειμίδης ; εισαγωγικά κείμενα Βαγγέλης Ιωακειμίδης, Πλάτων Ριβέλλης.  
246 1 |i Παράλληλος τίτλος:   |a Andre Kertesz :   |b mirror of a life  
260 |a Θεσσαλονίκη :   |b Μουσείο Φωτογραφίας Θεσσαλονίκης ;   |a Αθήνα :   |b Άγρα,   |c c2007. 
300 |a 210 σ. :   |b εικ. ;   |c 23 εκ.  
500 |a Η έκθεση "Andre Kertesz - Καθρέφτης μιας ζωής" παρουσιαστήκε στο Μουσείο Φωτογραφίας (Θεσσαλονίκη, 28/03-24/05 2007) στο πλαίσιο της 19ης Διεθνούς Φωτογραφικής Συγκυρίας και στο Μουσείο Κυκλαδικής Τέχνης (Αθήνα, 14/06-18/08 2007).  
600 1 0 |a Kertész, André  |x Catalogs. 
650 0 |a Photography, Artistic  |x Exhibitions. 
700 1 |a Ιωακειμίδης, Βαγγέλης,  |e edt  |e aui 
700 1 |a Ριβέλλης, Πλάτων,   |d 1945-  |e aui 
852 |a INST  |b SYROS  |e 20080618  |h 779.092 AND  |p 005500005790  |q 005500005790  |t BK  |y 0 
852 |a INST  |b SYROS  |e 20140930  |h 779.092 AND  |p 005500012445  |q 005500012445  |t BK  |y 0 
901 |a BIBL5-2014-3 
901 |a BIBL5-2008-2 
922 |a 5ΕΛΗ  |b 201407  |c Βιβλιοθήκη Σύρου  |d Π. Ιωαννίδου 
922 |a 5ΕΛΗ  |b 200802  |c ΕΠΕΑΕΚ2/ΤΜΣΠΣ  |d Σ. Πατάκης 
970 |a Κοντού  |b Παρασκευή  |z 18/06/2008